Faith Ghost lyrics - Statistics

General Stats
  • This quiz has been taken 59 times
  • The average score is 148 of 172
Answer Stats
Lyrics % Correct
a
100%
A
100%
I
100%
am
97%
is
97%
the
97%
The
97%
you
97%
all
93%
And
93%
and
93%
ears
93%
eyes
93%
faith
93%
mine
93%
Because
90%
fall
86%
I'm
86%
wall
86%
watching
86%
There
83%
in
79%
it
72%
of
72%
with
72%
quill
66%
sanctity
66%
Although
62%
guise
62%
accuser
59%
across
59%
bill
59%
identical
59%
it's
59%
land
59%
sends
59%
can
55%
mystery
55%
perpetrator
55%
trail
55%
well
55%
looks
52%
scourge
52%
spun
52%
stand
52%
take
52%
diabolical
48%
fecal
48%
feels
48%
fools
48%
Often
48%
stinks
48%
pack
45%
steeped
45%
shun
41%
Luddites
34%
No matching quizzes found
Score Distribution
Percent of People with Each Score
Percentile by Number Answered
Your Score History
You have not taken this quiz